Statistiques concernant Les acteurs Harry Potter

Cliquez ici pour prendre le quiz!

Statistiques générales

  • Ce quiz a été pris 1 515 fois
  • Le résultat moyen est 9 sur 15

Statistiques - réponses

RôlesActeurs% Correct
Hermione GrangerEmma Watson
99%
Ron WeasleyRupert Grint
92%
Harry PotterDaniel Radcliffe
91%
Drago MalefoyTom Felton
85%
Severus RogueAlan Rickman
72%
Ginny WeasleyBonnie Wright
61%
MInerva McGonnagallMaggie Smith
61%
Bellatrix LestrangeHelena Bonham Carter
60%
Sirius BlackGary Oldman
55%
Luna LovegoodEvanna Lynch
53%
VoldemortRalph Fiennes
53%
Rubeus HagridRobbie Coltrane
46%
Albus DumbledoreMichael Gambon
42%
Neville LondubatMatthew Levis
17%
Remus LupinDavid Thelwis
3%

Distribution des résultats

Percentile par nombre de réponses

% des personnes avec chaque résultat

Votre développement - résultats

Vous n’avez pas pris ce quiz